|
|
|
|
| LEADER |
01376nam a22003734a 4500 |
| 001 |
EBC3050802 |
| 003 |
MiAaPQ |
| 005 |
20200520144314.0 |
| 006 |
m o d | |
| 007 |
cr cn||||||||| |
| 008 |
050609s2005 dcuba sb 000 0 eng |
| 010 |
|
|
|z 2005050747
|
| 020 |
|
|
|z 0821361732
|
| 035 |
|
|
|a (MiAaPQ)EBC3050802
|
| 035 |
|
|
|a (Au-PeEL)EBL3050802
|
| 035 |
|
|
|a (CaPaEBR)ebr10080786
|
| 035 |
|
|
|a (CaONFJC)MIL15161
|
| 035 |
|
|
|a (OCoLC)495529047
|
| 040 |
|
|
|a MiAaPQ
|c MiAaPQ
|d MiAaPQ
|
| 050 |
|
4 |
|a HG3881.5.W57
|b B355 2005
|
| 082 |
0 |
4 |
|a 332.1/532
|2 22
|
| 245 |
0 |
0 |
|a Balancing the development agenda
|h [electronic resource] :
|b the transformation of the World Bank under James D. Wolfensohn, 1995-2005 /
|c Ruth Kagia, editor.
|
| 260 |
|
|
|a Washington, DC :
|b World Bank,
|c 2005.
|
| 300 |
|
|
|a viii, 156 p. :
|b col. ill., maps.
|
| 504 |
|
|
|a Includes bibliographical references.
|
| 533 |
|
|
|a Electronic reproduction. Ann Arbor, MI : ProQuest, 2015. Available via World Wide Web. Access may be limited to ProQuest affiliated libraries.
|
| 600 |
1 |
0 |
|a Wolfensohn, James D.
|
| 610 |
2 |
0 |
|a World Bank.
|
| 650 |
|
0 |
|a Economic development.
|
| 650 |
|
0 |
|a Economic assistance.
|
| 655 |
|
4 |
|a Electronic books.
|
| 700 |
1 |
|
|a Kagia, Ruth.
|
| 710 |
2 |
|
|a ProQuest (Firm)
|
| 856 |
4 |
0 |
|u https://ebookcentral.proquest.com/lib/matrademy/detail.action?docID=3050802
|z Click to View
|